10 Most Populated Countries in the World - Statistics

General Stats
  • This quiz has been taken 42 times
  • The average score is 9 of 10
Answer Stats
Population Country % Correct
1,425 billion China
100%
1.417 billion India
100%
215 million Brazil
98%
338 million United States
98%
144 million Russia
95%
127 million Mexico
93%
218 million Nigeria
93%
275 million Indonesia
90%
235 million Pakistan
83%
171 million Bangladesh
80%
No matching quizzes found
Score Distribution
Percent of People with Each Score
Percentile by Number Answered
Your Score History
You have not taken this quiz